000 00692nam a2200229Ia 4500
003 OSt
005 20220928130505.0
006 a|||||r|||| 00| 0
007 ta
008 220927b |||||||| |||| 00| 0 eng d
024 _a33091
037 _cReference Collections
040 _aSDCL
_cSDCL
_beng
041 _2eng
_aeng
082 _aU7k1,N97, N7 RR
100 _aPenn James R
_9474182
245 0 _aEncyclopedia of geographical features in World History
_b Europe and the Americas.
260 _aOxford
_bABC-Clio
_c1997
300 _axxi,317p
_ccm.
942 _hU7k1,N97, N7 RR
_cREF
_2CC
999 _c786807
_d786807